000 00706 a2200205 4500
003 Nust
005 20170207171607.0
010 _a 2005296503
020 _a0750660759 (pbk.)
035 _a(OCoLC)ocm56639953
040 _cNust
082 0 4 _a005.1
100 1 _aZhu, Hong,
245 1 0 _aSoftware design methodology (E-BOOK)
_cHong Zhu.
260 _aAmsterdam ;
_aBoston :
_bElsevier Butterworth-Heinemann,
_c2005.
300 _aviii, iii, 340 p. :
_bill. ;
_c25 cm.
650 0 _aSoftware architecture.
856 4 2 _3Publisher description
_uhttp://www.loc.gov/catdir/enhancements/fy0627/2005296503-d.html
856 4 2 _3Table of contents only
_uhttp://www.loc.gov/catdir/enhancements/fy0627/2005296503-t.html
942 _2ddc
_cBK
999 _c217604
_d217604